00314 2200133 4500245006000000250001100060100001900071650001600090005001900106260001800125041001400143084001400157336000900171 aFinding my Way b : autobiograficSYIFA FADHILAHhText aCet. 1 aSYIFA FADHILAH aKarya Siswa a20250520092605 aJakartac2025 aIndonesia a081 SYI f atext